| 000 | 01002cam a22002654a 4500 | ||
|---|---|---|---|
| 005 | 20080820115011.0 | ||
| 008 | 080216s2008 ii b 001 0 eng | ||
| 010 | _aENG-92081 | ||
| 020 |
_a8187358378 _c695.00 |
||
| 020 |
_a9788187358374 _c695.00 |
||
| 035 | _aEN-75614 | ||
| 037 | _bDBAD / PUB | ||
| 040 |
_adpl _bEnglish |
||
| 082 | _a947.0072047 | ||
| 100 | _aBanerji, Arup | ||
| 245 |
_aWriting history in the Soviet Union: _cby Arup Banerji _bmaking the past work / |
||
| 260 |
_bSocial Science Press [and] Orient Longman _c2008 _aNew Delhi |
||
| 270 |
_bNew Delhi _e110003 |
||
| 300 |
_axx, 322p. _c22cm (Hb) |
||
| 500 | _aIncludes bibliographical references and index | ||
| 651 |
_aSoviet Union _xHistoriography. |
||
| 942 |
_2ddc _cEN _mBAN _h947.0072047 |
||
| 999 |
_c19624 _d19624 |
||